00841nam a22003017a 450000500170000000800410001702000180005804100080007608200180008410000220010224500630012426000130018726000180020026000090021830000180022749000380024565000460028365000230032965000210035265000320037365000220040565000230042765000200045065000200047065000090049065000240049965000160052320250624155529.0230224b2021 |||||||| |||| 00| 0 spa d a9782409032646 aESP a005.133 H896c aHugón, Jérome aC#9 desarrolle aplicaciones windows con visual studio 2019 aEspaña bEdiciones ENI c2021 a524 páginas aTecnología de la Información  aLENGUAJES ESPECÍFICOS DE PROGRAMACIÓN aVISUAL STUDIO 2019 aARQUITECTURA.NET aINTRODUCCIÓN AL LENGUAJE  aTIPOS GENÉRICOS aEXPRESIONES LAMBDA aEXPRESIONES UWP aMODELO DE DATOS aLING aSISTEMA DE ARCHIVOS aENSAMBLADOS